Snatak mahalar bahumukhi pathyakram (Record no. 7400)

MARC details
000 -LEADER
fixed length control field 00499cam a2200205ua 4500
008 - FIXED-LENGTH DATA ELEMENTS--GENERAL INFORMATION
fixed length control field 150127n ii |||gr||||Z||||||asm
020 ## - INTERNATIONAL STANDARD BOOK NUMBER
International Standard Book Number 9789382750215
040 ## - CATALOGING SOURCE
Transcribing agency MAIN
041 ## - LANGUAGE CODE
-- asm
082 ## - DEWEY DECIMAL CLASSIFICATION NUMBER
Classification number 001
100 ## - MAIN ENTRY--PERSONAL NAME
Personal name Machey, Ashwini,
Relator term
245 11 - TITLE STATEMENT
Title Snatak mahalar bahumukhi pathyakram
Statement of responsibility, etc. by Ashwini Machey
250 ## - EDITION STATEMENT
Edition statement 1st.
260 ## - PUBLICATION, DISTRIBUTION, ETC.
Place of publication, distribution, etc. Dibrugarh:
Name of publisher, distributor, etc. Banalata,
Date of publication, distribution, etc. 2013.
300 ## - PHYSICAL DESCRIPTION
Extent 500p.
942 ## - ADDED ENTRY ELEMENTS (KOHA)
Koha item type Books
653 ## - INDEX TERM--UNCONTROLLED
Uncontrolled term Knowledge
653 ## - INDEX TERM--UNCONTROLLED
Uncontrolled term Multidisciplinary course
Holdings
Withdrawn status Lost status Damaged status Not for loan Home library Current library Shelving location Date acquired Total Checkouts Full call number Barcode Date last seen Date last checked out Copy number Price effective from Koha item type Source of classification or shelving scheme Cost, normal purchase price
        Central Library, Naharkatiya College Central Library, Naharkatiya College General Stacks 19/09/2020 1 001 | SNA 22374 09/11/2022 25/10/2022 2 19/09/2020 Books    
        Central Library, Naharkatiya College Central Library, Naharkatiya College General Stacks 19/09/2020 4 001 | SNA 22375 25/06/2022 24/06/2022 1 19/09/2020 Books    
        Central Library, Naharkatiya College Central Library, Naharkatiya College General Stacks 27/11/2021 1 001 21362 30/08/2023 27/11/2021 3 27/11/2021 Books Dewey Decimal Classification 200.00

Naharkatiya College © 2020. All rights reserved.

Powered By